Report of the Fourth Finance Commission, 1965 (Record no. 489552)

000 -LEADER
fixed length control field 00404cam a22001337a 4500
008 - FIXED-LENGTH DATA ELEMENTS--GENERAL INFORMATION
fixed length control field 180718b1965 xxu||||| |||| 00| 0 eng d
082 ## - DEWEY DECIMAL CLASSIFICATION NUMBER
Classification number Lx54 F/4
100 ## - MAIN ENTRY--PERSONAL NAME
Personal name India. Finance Commission
245 ## - TITLE STATEMENT
Title Report of the Fourth Finance Commission, 1965
260 ## - PUBLICATION, DISTRIBUTION, ETC.
Place of publication, distribution, etc. Delhi
Name of publisher, distributor, etc. The Manager of Publications
Date of publication, distribution, etc. 1965
300 ## - PHYSICAL DESCRIPTION
Extent 234+p.
500 ## - GENERAL NOTE
General note Chairman: P.V. Rajamannar
700 ## - ADDED ENTRY--PERSONAL NAME
Personal name Rajamannar, P.V. (Chairman)
Holdings
Withdrawn status Lost status Damaged status Not for loan Permanent Location Current Location Date acquired Full call number Barcode Date last seen Price effective from Koha item type
        Indian Institute of Public Administration Indian Institute of Public Administration 2018-08-04 Lx54 F/4 GG4436 2018-08-04 2018-08-04 GG

Powered by Koha